[Event "12th Asrian Memorial 2019"]
[Site "Yerevan"]
[Date "2019.06.15"]
[Round "5.3"]
[White "Petrosian, Tigran L."]
[Black "Baghdasaryan, Vahe"]
[Result "0-1"]
[WhiteElo "2612"]
[BlackElo "2357"]
[Annotator "TA"]
[PlyCount "57"]
[EventDate "2019.06.11"]
[EventType "swiss"]
[EventCountry "ARM"]
[SourceTitle "playchess.com"]
[Source "ChessBase"]
[SourceQuality "1"]

{[%evp 9,57,18,18,18,18,18,18,19,16,12,15,14,25,17,29,18,20,29,22,20,14,12,6,0,35,35,85,79,127,127,124,122,119,142,227,150,168,0,139,139,139,-277,132,135,142,0,0,-179,-178,-168]} 1. Nf3 c5 2. b3 Nc6 3. Bb2 d6 4. d4 cxd4 5. Nxd4 Nf6 6. e3 {A04: Unusual lines after 1 Nf3 and King's Indian Attack} (6. Nxc6 bxc6 7. e3 g6 8. Be2 Bg7 9. O-O O-O 10. c4 c5 11. Bf3 Rb8 12. Nc3 Nd7 13. Qd2 Ne5 {½-½ (65) Nakamura,H (2785)-Yu,Y (2738) Caleta 2017}) 6... e5 7. Nxc6 bxc6 8. c4 {The position is equal.} Be7 9. Be2 O-O 10. O-O Nd7 $146 ({Predecessor:} 10... Qc7 11. Qc2 Be6 12. Nc3 Rac8 13. Rac1 Qb8 {½-½ (32) Zarkua,D (2441)-Solak,D (2598) Albena 2013}) 11. Nc3 f5 12. Bf3 e4 13. Be2 Bb7 14. Qd4 {Strongly threatening Nxe4!} Rf6 15. Rad1 Rg6 16. Kh1 c5 17. Qd2 Bf6 18. f4 exf3 19. Bxf3 Bxf3 20. Rxf3 Be5 21. Rxf5 {Hoping for Ne4.} Kh8 (21... Rf6 $16 22. Rxf6 Nxf6) 22. Ne4 {Bxe5 is the strong threat.} Qh4 {[%csl Ge5][%cal Rh4h2]} 23. Rxe5 $2 ({Only move:} 23. Bxe5 $1 $18 Qxe4 {[%mdl 64] Double Attack} 24. Qf2) 23... Nxe5 (23... dxe5 $11 {keeps the balance.} 24. Qxd7 Rxg2 {[%mdl 64] Double Attack} 25. Bxe5 (25. Kxg2 Qxe4+ {[%mdl 64] Double Attack} 26. Kg1 Qxe3+ 27. Kg2 Qe2+ 28. Kh1 Qf3+ 29. Kg1 Qe3+ 30. Kg2 Qe2+ 31. Kg1 Qe3+ $11) 25... Rxh2+ 26. Bxh2 Qxe4+ {[%mdl 64] Double Attack} 27. Kg1 Qxe3+ 28. Kh1 Qe4+ 29. Kg1 Qe3+ 30. Kg2 Qe2+ {[%mdl 64] Double Attack} 31. Kh1 Qf3+ 32. Kg1 Qe3+) 24. Nxd6 $16 Ng4 {[%csl Gg4][%cal Rh4h2]} 25. Nf7+ $1 Kg8 {[%csl Gg4][%cal Rh4h2] [#]} 26. Nh6+ $1 {[%mdl 512]} Kh8 {[%csl Gg4][%cal Rh4h2]} (26... Nxh6 27. Qd5+) 27. Nf7+ (27. Nxg4 $16 Rxg4 28. Ba3) 27... Kg8 $11 {[%csl Gg4][%cal Rh4h2] [#]} 28. g3 $2 {[#]} (28. Nh6+ $1 $11 {[%mdl 512] and White is okay.} Kh8 (28... Nxh6 29. Qd5+) 29. Nxg4 Rxg4 30. Ba3) 28... Qh5 $1 $19 {[%mdl 1024] Black has strong compensation.} 29. Rf1 {Accuracy: White = 77%, Black = 63%.} 0-1

[Event "12th Asrian Memorial 2019"]
[Site "Yerevan"]
[Date "2019.06.15"]
[Round "5.4"]
[White "Vardanian, Haik G."]
[Black "Andriasian, Zaven"]
[Result "0-1"]
[WhiteElo "2357"]
[BlackElo "2600"]
[Annotator "RC"]
[PlyCount "68"]
[EventDate "2019.06.11"]
[EventType "swiss"]
[EventCountry "ARM"]
[SourceTitle "playchess.com"]
[Source "ChessBase"]
[SourceQuality "1"]
[TimeControl "40/5400+30:1800+30"]

1. c4 {[%emt 0:00:00]} e5 {[%emt 0:00:00]} 2. Nc3 {[%emt 0:00:10]} Nc6 {[%emt 0:00:00]} 3. Nf3 {[%emt 0:00:18]} Nf6 {[%emt 0:00:25]} 4. e3 {[%emt 0:00:49]} Bb4 {[%emt 0:01:01]} 5. Qc2 {[%emt 0:00:32]} O-O {[%emt 0:01:58]} 6. Bd3 {[%emt 0:00:41]} Bxc3 {[%emt 0:01:48]} 7. dxc3 {[%emt 0:00:20]} d6 {[%emt 0:01:17]} 8. e4 {[%emt 0:00:45]} h6 {[%emt 0:01:14]} 9. h3 {[%emt 0:01:13]} Be6 {[%emt 0:00:35]} 10. g4 {[%emt 0:01:20]} Nd7 {[%emt 0:02:24]} 11. Be3 {[%emt 0:01:58]} a6 {[%emt 0:03:29]} 12. Nd2 {[%emt 0:01:09]} Ne7 {[%emt 0:02:55]} 13. Nf1 {[%emt 0:04:31]} Ng6 {[%emt 0:01:19]} 14. Ng3 {[%emt 0:05:38]} Nf4 {[%emt 0:01:58]} 15. Bf1 {[%emt 0:01:19]} b5 {[%emt 0:06:28]} 16. cxb5 {[%emt 0:03:46]} axb5 {[%emt 0:00:18]} 17. a3 {[%emt 0:02:11]} Nc5 {[%emt 0:04:28]} 18. b4 {[%emt 0:08:04]} Nb3 {[%emt 0:01:37]} 19. Ra2 {[%emt 0:06:31]} c5 {[%emt 0:00:15]} 20. Bxb5 {[%emt 0:07:15]} cxb4 {[%emt 0:03:10]} 21. c4 {[%emt 0:00:55]} Nd4 {[%emt 0:06:36]} 22. Bxd4 {[%emt 0:01:43]} exd4 {[%emt 0:01:38]} 23. axb4 {[%emt 0:02:34]} Qf6 {[%emt 0:07:14]} 24. Ra5 {[%emt 0:04:59]} d3 {[%emt 0:12:48]} 25. Qc1 {[%emt 0:01:51]} Ng2+ {[%emt 0:03:16]} 26. Kf1 {[%emt 0:01:04]} Qf3 {[%emt 0:01:03]} 27. Rh2 {[%emt 0:06:05]} Nf4 {[%emt 0:03:36]} 28. Qd2 {[%emt 0:04:22]} Rfb8 {[%emt 0:01:43]} 29. Qe3 {[%emt 0:10:57]} Qd1+ {[%emt 0:00:44]} 30. Qe1 {[%emt 0:00:04]} Qc2 {[%emt 0:00:19]} 31. Ba4 {[%emt 0:02:49]} Qxc4 {[%emt 0:00:15]} 32. Qd2 {[%emt 0:00:34]} Rxa5 {[%emt 0:00:10]} 33. bxa5 {[%emt 0:00:15]} Rb1+ {[%emt 0:01:59]} 34. Bd1 {[%emt 0:00:08]} Qc2 {[%emt 0:03:33]} 0-1

[Event "12th Asrian Memorial 2019"]
[Site "Yerevan"]
[Date "2019.06.15"]
[Round "5.5"]
[White "Kulaots, Kaido"]
[Black "Gharibyan, Mamikon"]
[Result "0-1"]
[WhiteElo "2574"]
[BlackElo "2320"]
[Annotator "ChessBase"]
[PlyCount "120"]
[EventDate "2019.06.11"]
[EventType "swiss"]
[EventCountry "ARM"]
[SourceTitle "playchess.com"]
[Source "ChessBase"]
[SourceQuality "1"]
[TimeControl "40/5400+30:1800+30"]

1. e4 {[%emt 0:00:00]} e5 {[%emt 0:00:05]} 2. Nf3 {[%emt 0:00:00]} Nc6 {[%emt 0:00:31]} 3. Bb5 {[%emt 0:00:06]} a6 {[%emt 0:01:08]} 4. Ba4 {[%emt 0:00:14]} Nf6 {[%emt 0:01:57]} 5. O-O {[%emt 0:00:55]} Bc5 {[%emt 0:06:18]} 6. c3 {[%emt 0:01:12]} b5 {[%emt 0:00:10]} 7. Bb3 {[%emt 0:02:58]} d6 {[%emt 0:00:28]} 8. a4 {[%emt 0:01:45]} Bb7 {[%emt 0:10:08]} 9. d3 {[%emt 0:03:23]} h6 {[%emt 0:07:58]} 10. Nh4 {[%emt 0:06:29]} Ne7 {[%emt 0:06:13]} 11. Qf3 {[%emt 0:24:15]} Qd7 {[%emt 0:12:27]} 12. Be3 {[%emt 0:08:41]} Qg4 {[%emt 0:18:01]} 13. Qxg4 {[%emt 0:02:50]} Nxg4 {[%emt 0:00:06]} 14. Bxc5 {[%emt 0:00:08]} dxc5 {[%emt 0:00:04]} 15. Nf3 {[%emt 0:01:14]} Ng6 {[%emt 0:01:24]} 16. Nbd2 {[%emt 0:03:22]} Ke7 {[%emt 0:02:51]} 17. Bc2 {[%emt 0:00:27]} Nf6 {[%emt 0:06:03]} 18. Nb3 {[%emt 0:03:01]} Nd7 {[%emt 0:00:55]} 19. Na5 {[%emt 0:02:33]} Rab8 {[%emt 0:00:43]} 20. axb5 {[%emt 0:00:51]} axb5 {[%emt 0:00:04]} 21. Nxb7 {[%emt 0:00:08]} Rxb7 {[%emt 0:00:03]} 22. Nd2 {[%emt 0:03:35]} Nf4 {[%emt 0:07:34]} 23. Rfe1 {[%emt 0:05:05]} Rhb8 {[%emt 0:08:06]} 24. g3 {[%emt 0:00:35]} Ne6 {[%emt 0:00:13]} 25. Ra5 {[%emt 0:03:09]} c4 {[%emt 0:01:27]} 26. dxc4 {[%emt 0:06:06]} b4 {[%emt 0:00:03]} 27. cxb4 {[%emt 0:00:03]} Rxb4 {[%emt 0:00:28]} 28. b3 {[%emt 0:00:04]} f6 {[%emt 0:03:05]} 29. Rea1 {[%emt 0:06:15]} Ndc5 {[%emt 0:01:25]} 30. R1a3 {[%emt 0:04:22]} Rd8 {[%emt 0:01:23]} 31. Nf1 {[%emt 0:00:20]} Rd7 {[%emt 0:02:52]} 32. Ne3 {[%emt 0:01:40]} c6 {[%emt 0:00:03]} 33. h4 {[%emt 0:01:51]} h5 {[%emt 0:00:44]} 34. Kf1 {[%emt 0:05:08]} g6 {[%emt 0:00:26]} 35. Ke1 {[%emt 0:00:54]} Kd6 {[%emt 0:00:48]} 36. Ra8 {[%emt 0:01:09]} Ke7 {[%emt 0:00:38]} 37. R8a5 {[%emt 0:01:33]} Kd6 {[%emt 0:00:03]} 38. Kd2 {[%emt 0:00:47]} Nd4 {[%emt 0:00:17]} 39. Kc3 {[%emt 0:01:09]} Rdb7 {[%emt 0:00:07]} 40. Ra7 {[%emt 0:00:00]} Nxc2 {[%emt 0:00:00]} 41. Kxc2 {[%emt 0:07:22]} Rxb3 {[%emt 0:04:46]} 42. Rxb7 {[%emt 0:11:12]} Rxa3 {[%emt 0:00:27]} 43. Rg7 {[%emt 0:00:19]} Ra2+ {[%emt 0:01:53]} 44. Kd1 {[%emt 0:00:44]} Rxf2 {[%emt 0:01:56]} 45. Ke1 {[%emt 0:02:06]} Nxe4 {[%emt 0:00:53]} 46. Rxg6 {[%emt 0:00:07]} Ke6 {[%emt 0:02:14]} 47. g4 {[%emt 0:01:00]} Rf3 {[%emt 0:07:06]} 48. Ke2 {[%emt 0:04:32]} Rh3 {[%emt 0:00:37]} 49. gxh5 {[%emt 0:01:13]} Ng3+ {[%emt 0:00:45]} 50. Kd2 {[%emt 0:01:20]} Nxh5 {[%emt 0:00:28]} 51. Rg4 {[%emt 0:00:05]} Nf4 {[%emt 0:00:29]} 52. Rg7 {[%emt 0:00:38]} Rh2+ {[%emt 0:07:22]} 53. Kd1 {[%emt 0:00:53]} Rxh4 {[%emt 0:03:10]} 54. Rc7 {[%emt 0:00:07]} Kd6 {[%emt 0:00:25]} 55. Rf7 {[%emt 0:00:17]} Rh1+ {[%emt 0:00:22]} 56. Kd2 {[%emt 0:00:08]} Nh5 {[%emt 0:00:38]} 57. Rh7 {[%emt 0:01:25]} Ng3 {[%emt 0:02:35]} 58. Rf7 {[%emt 0:01:06]} Rh2+ {[%emt 0:01:56]} 59. Kd3 {[%emt 0:00:20]} Rf2 {[%emt 0:00:12]} 60. Rg7 {[%emt 0:00:28]} Rf3 {[%emt 0:00:30] Kd4} 0-1

[Event "12th Asrian Memorial 2019"]
[Site "Yerevan"]
[Date "2019.06.15"]
[Round "5.6"]
[White "Vaganian, Rafael A"]
[Black "Barseghyan, Armen Ar."]
[Result "0-1"]
[WhiteElo "2526"]
[BlackElo "2294"]
[Annotator "ChessBase"]
[PlyCount "116"]
[EventDate "2019.06.11"]
[EventType "swiss"]
[EventCountry "ARM"]
[SourceTitle "playchess.com"]
[Source "ChessBase"]
[SourceQuality "1"]
[TimeControl "40/5400+30:1800+30"]

1. Nf3 {[%emt 0:00:00]} c5 {[%emt 0:00:00]} 2. c4 {[%emt 0:00:00]} Nf6 {[%emt 0:00:23]} 3. g3 {[%emt 0:00:07]} g6 {[%emt 0:00:14]} 4. Bg2 {[%emt 0:00:07]} Bg7 {[%emt 0:00:06]} 5. Nc3 {[%emt 0:00:13]} O-O {[%emt 0:00:16]} 6. d4 {[%emt 0:00:19]} cxd4 {[%emt 0:00:11]} 7. Nxd4 {[%emt 0:00:06]} Nc6 {[%emt 0:00:17]} 8. O-O {[%emt 0:00:18]} Qa5 {[%emt 0:00:26]} 9. Nb3 {[%emt 0:02:11]} Qh5 {[%emt 0:00:24]} 10. c5 {[%emt 0:00:05]} a5 {[%emt 0:00:52]} 11. Na4 {[%emt 0:02:59]} d6 {[%emt 0:12:29]} 12. Nb6 {[%emt 0:09:05]} Rb8 {[%emt 0:02:19]} 13. e4 {[%emt 0:08:05]} Bg4 {[%emt 0:12:55]} 14. f3 {[%emt 0:00:35]} Be6 {[%emt 0:00:08]} 15. g4 {[%emt 0:01:35]} Bxb3 {[%emt 0:00:46]} 16. gxh5 {[%emt 0:02:21]} Bxd1 {[%emt 0:00:08]} 17. Rxd1 {[%emt 0:00:10]} dxc5 {[%emt 0:05:48]} 18. h6 {[%emt 0:01:11]} Bh8 {[%emt 0:00:05]} 19. Be3 {[%emt 0:00:36]} Nd4 {[%emt 0:12:01]} 20. Rd2 {[%emt 0:14:53]} Rbd8 {[%emt 0:06:18]} 21. Rc1 {[%emt 0:00:18]} e6 {[%emt 0:06:43]} 22. Rxc5 {[%emt 0:11:31]} Nc6 {[%emt 0:01:39]} 23. Nc4 {[%emt 0:01:09]} Rxd2 {[%emt 0:02:44]} 24. Nxd2 {[%emt 0:05:15]} Nh5 {[%emt 0:10:19]} 25. Rb5 {[%emt 0:01:22]} f5 {[%emt 0:03:20]} 26. Rxb7 {[%emt 0:01:19]} Rd8 {[%emt 0:00:41]} 27. f4 {[%emt 0:02:18]} Bd4 {[%emt 0:00:26]} 28. Kf2 {[%emt 0:04:03]} Bxe3+ {[%emt 0:07:15]} 29. Kxe3 {[%emt 0:00:12]} Nb4 {[%emt 0:00:01]} 30. Nc4 {[%emt 0:04:00]} Nc2+ {[%emt 0:00:55]} 31. Kf2 {[%emt 0:00:38]} Nxf4 {[%emt 0:03:41]} 32. e5 {[%emt 0:01:28]} Nd3+ {[%emt 0:01:54]} 33. Ke2 {[%emt 0:05:18]} Nf4+ {[%emt 0:02:42]} 34. Kf3 {[%emt 0:00:29]} g5 {[%emt 0:02:02]} 35. Rg7+ {[%emt 0:03:14]} Kh8 {[%emt 0:00:33]} 36. Bf1 {[%emt 0:10:25]} Ng6 {[%emt 0:00:42]} 37. Kf2 {[%emt 0:00:45]} Nb4 {[%emt 0:01:15]} 38. Nxa5 {[%emt 0:01:51]} Nxe5 {[%emt 0:00:23]} 39. Re7 {[%emt 0:00:17]} Ng4+ {[%emt 0:01:29]} 40. Kg1 {[%emt 0:00:00]} Nxh6 {[%emt 0:00:00]} 41. Rxe6 {[%emt 0:00:46]} Kg7 {[%emt 0:07:02]} 42. a3 {[%emt 0:01:15]} Nc2 {[%emt 0:02:13]} 43. Nc4 {[%emt 0:00:07]} Rd1 {[%emt 0:03:13]} 44. b4 {[%emt 0:00:30]} f4 {[%emt 0:01:40]} 45. h3 {[%emt 0:05:28]} Nf5 {[%emt 0:01:34]} 46. Kf2 {[%emt 0:00:20]} Nce3 {[%emt 0:01:45]} 47. Be2 {[%emt 0:01:27]} Ra1 {[%emt 0:05:07]} 48. b5 {[%emt 0:02:31]} Ra2 {[%emt 0:00:59]} 49. Re4 {[%emt 0:13:14]} Nxc4 {[%emt 0:03:37]} 50. Rxc4 {[%emt 0:00:12]} Ng3 {[%emt 0:00:01]} 51. a4 {[%emt 0:05:08]} Rxe2+ {[%emt 0:00:05]} 52. Kf3 {[%emt 0:00:04]} h5 {[%emt 0:03:25]} 53. b6 {[%emt 0:03:58]} Re3+ {[%emt 0:00:55]} 54. Kg2 {[%emt 0:00:02]} Rb3 {[%emt 0:01:21]} 55. a5 {[%emt 0:00:01]} Nf5 {[%emt 0:01:04]} 56. Rc7+ {[%emt 0:01:21]} Kf6 {[%emt 0:00:10]} 57. Rc6+ {[%emt 0:00:08]} Ke5 {[%emt 0:00:14]} 58. Kf2 {[%emt 0:03:12]} Rb2+ {[%emt 0:00:13]} 0-1

[Event "12th Asrian Memorial 2019"]
[Site "Yerevan"]
[Date "2019.06.15"]
[Round "5.7"]
[White "Babujian, Levon"]
[Black "Der Manuelian, Haik"]
[Result "0-1"]
[WhiteElo "2485"]
[BlackElo "2309"]
[Annotator "ChessBase"]
[PlyCount "60"]
[EventDate "2019.06.11"]
[EventType "swiss"]
[EventCountry "ARM"]
[SourceTitle "playchess.com"]
[Source "ChessBase"]
[SourceQuality "1"]
[TimeControl "40/5400+30:1800+30"]

1. e4 {[%emt 0:00:00]} e5 {[%emt 0:00:00]} 2. Nf3 {[%emt 0:00:00]} Nc6 {[%emt 0:00:00]} 3. Bc4 {[%emt 0:00:03]} Bc5 {[%emt 0:00:00]} 4. O-O {[%emt 0:00:05]} Nf6 {[%emt 0:00:00]} 5. d4 {[%emt 0:00:07]} Bxd4 {[%emt 0:00:16]} 6. Nxd4 {[%emt 0:00:07]} Nxd4 {[%emt 0:00:05]} 7. Bg5 {[%emt 0:00:05]} Qe7 {[%emt 0:01:20]} 8. Nc3 {[%emt 0:04:07]} c6 {[%emt 0:00:34]} 9. f4 {[%emt 0:00:04]} d6 {[%emt 0:00:05]} 10. f5 {[%emt 0:02:08]} Bd7 {[%emt 0:28:07]} 11. a4 {[%emt 0:01:14]} d5 {[%emt 0:11:34]} 12. Bxf6 {[%emt 0:11:59]} gxf6 {[%emt 0:00:10]} 13. exd5 {[%emt 0:00:07]} O-O-O {[%emt 0:11:48]} 14. Qd3 {[%emt 0:04:21]} Kb8 {[%emt 0:04:49]} 15. Kh1 {[%emt 0:04:48]} Qb4 {[%emt 0:02:34]} 16. Ba2 {[%emt 0:13:09]} Bxf5 {[%emt 0:04:48]} 17. Qd2 {[%emt 0:07:09]} cxd5 {[%emt 0:06:01]} 18. Qh6 {[%emt 0:00:04]} Qxb2 {[%emt 0:09:06]} 19. Nb5 {[%emt 0:01:18]} Nxb5 {[%emt 0:02:18]} 20. axb5 {[%emt 0:00:04]} Be4 {[%emt 0:02:26]} 21. Qe3 {[%emt 0:05:01]} Qxc2 {[%emt 0:03:56]} 22. Rf2 {[%emt 0:00:46]} d4 {[%emt 0:06:08]} 23. Qe1 {[%emt 0:00:35]} Qc3 {[%emt 0:00:01]} 24. Qd1 {[%emt 0:00:10]} d3 {[%emt 0:03:00]} 25. Bxf7 {[%emt 0:05:34]} d2 {[%emt 0:00:57]} 26. Bb3 {[%emt 0:00:36]} Rd3 {[%emt 0:02:16]} 27. Ba4 {[%emt 0:06:29]} Rhd8 {[%emt 0:00:11]} 28. Rf1 {[%emt 0:01:43]} Qd4 {[%emt 0:00:46]} 29. Bb3 {[%emt 0:01:18]} Qc3 {[%emt 0:00:34]} 30. Be6 {[%emt 0:02:37]} Qxa1 {[%emt 0:00:34]} 0-1

[Event "12th Asrian Memorial 2019"]
[Site "Yerevan"]
[Date "2019.06.15"]
[Round "5.8"]
[White "Sargsyan, Anna M."]
[Black "Kotanjian, Tigran"]
[Result "0-1"]
[WhiteElo "2290"]
[BlackElo "2462"]
[Annotator "ChessBase"]
[PlyCount "58"]
[EventDate "2019.06.11"]
[EventType "swiss"]
[EventCountry "ARM"]
[SourceTitle "playchess.com"]
[Source "ChessBase"]
[SourceQuality "1"]
[TimeControl "40/5400+30:1800+30"]

1. d4 {[%emt 0:04:47]} Nf6 {[%emt 0:00:00]} 2. Nf3 {[%emt 0:00:21]} g6 {[%emt 0:00:14]} 3. Bg5 {[%emt 0:00:07]} Bg7 {[%emt 0:00:07]} 4. Nbd2 {[%emt 0:00:04]} O-O {[%emt 0:04:31]} 5. e4 {[%emt 0:00:37]} d5 {[%emt 0:00:36]} 6. e5 {[%emt 0:02:59]} Ne4 {[%emt 0:00:06]} 7. Be3 {[%emt 0:00:07]} c5 {[%emt 0:01:50]} 8. c3 {[%emt 0:01:26]} cxd4 {[%emt 0:00:13]} 9. cxd4 {[%emt 0:00:04]} Nc6 {[%emt 0:04:49]} 10. Be2 {[%emt 0:04:20]} f6 {[%emt 0:01:44]} 11. exf6 {[%emt 0:18:07]} exf6 {[%emt 0:00:16]} 12. Nb3 {[%emt 0:02:01]} f5 {[%emt 0:00:23]} 13. g3 {[%emt 0:01:09]} g5 {[%emt 0:02:51]} 14. Qc1 {[%emt 0:04:07]} f4 {[%emt 0:00:22]} 15. gxf4 {[%emt 0:02:15]} gxf4 {[%emt 0:00:12]} 16. Bxf4 {[%emt 0:01:39]} Qf6 {[%emt 0:02:20]} 17. Be5 {[%emt 0:05:51]} Nxe5 {[%emt 0:00:57]} 18. dxe5 {[%emt 0:00:08]} Qb6 {[%emt 0:00:14]} 19. Qe3 {[%emt 0:02:13]} Qb4+ {[%emt 0:00:22]} 20. Nbd2 {[%emt 0:01:10]} Bg4 {[%emt 0:04:16]} 21. Qb3 {[%emt 0:04:45]} Qa5 {[%emt 0:03:50]} 22. Rd1 {[%emt 0:05:01]} Rac8 {[%emt 0:08:53]} 23. Qd3 {[%emt 0:15:08]} Kh8 {[%emt 0:03:12]} 24. a3 {[%emt 0:02:52]} Bxf3 {[%emt 0:04:28]} 25. Bxf3 {[%emt 0:00:31]} Nxd2 {[%emt 0:01:14]} 26. Rxd2 {[%emt 0:00:30]} Bh6 {[%emt 0:00:20]} 27. b4 {[%emt 0:02:18]} Bxd2+ {[%emt 0:00:06]} 28. Kxd2 {[%emt 0:00:02]} Qb6 {[%emt 0:00:08]} 29. Ke2 {[%emt 0:00:10]} Rce8 {[%emt 0:01:05]} 0-1

[Event "12th Asrian Memorial 2019"]
[Site "Yerevan"]
[Date "2019.06.15"]
[Round "5.9"]
[White "Mikaelyan, Arman"]
[Black "Akopov, Roman"]
[Result "1-0"]
[WhiteElo "2453"]
[BlackElo "2264"]
[Annotator "ChessBase"]
[PlyCount "53"]
[EventDate "2019.06.11"]
[EventType "swiss"]
[EventCountry "ARM"]
[SourceTitle "playchess.com"]
[Source "ChessBase"]
[SourceQuality "1"]
[TimeControl "40/5400+30:1800+30"]

1. e4 {[%emt 0:00:00]} e5 {[%emt 0:00:00]} 2. Nf3 {[%emt 0:00:00]} Nc6 {[%emt 0:00:00]} 3. Bb5 {[%emt 0:00:01]} a6 {[%emt 0:00:19]} 4. Ba4 {[%emt 0:00:07]} Nf6 {[%emt 0:00:20]} 5. O-O {[%emt 0:00:11]} Be7 {[%emt 0:00:22]} 6. Re1 {[%emt 0:00:45]} b5 {[%emt 0:00:20]} 7. Bb3 {[%emt 0:00:04]} d6 {[%emt 0:00:52]} 8. c3 {[%emt 0:00:07]} O-O {[%emt 0:00:11]} 9. h3 {[%emt 0:00:28]} Nb8 {[%emt 0:00:42]} 10. d4 {[%emt 0:00:19]} Nbd7 {[%emt 0:00:11]} 11. Nbd2 {[%emt 0:00:13]} Bb7 {[%emt 0:00:10]} 12. Bc2 {[%emt 0:00:17]} Re8 {[%emt 0:03:08]} 13. Nf1 {[%emt 0:02:41]} Bf8 {[%emt 0:01:24]} 14. Ng3 {[%emt 0:00:21]} g6 {[%emt 0:00:00]} 15. a4 {[%emt 0:00:17]} c5 {[%emt 0:01:11]} 16. d5 {[%emt 0:00:16]} c4 {[%emt 0:00:00]} 17. Bg5 {[%emt 0:00:14]} h6 {[%emt 0:00:00]} 18. Be3 {[%emt 0:00:08]} Nc5 {[%emt 0:02:45]} 19. Qd2 {[%emt 0:00:10]} h5 {[%emt 0:07:34]} 20. Bg5 {[%emt 0:01:32]} Be7 {[%emt 0:00:00]} 21. Ra3 {[%emt 0:00:00]} Nfd7 {[%emt 0:00:00]} 22. Be3 {[%emt 0:00:00]} Qc7 {[%emt 0:00:00]} 23. Ng5 {[%emt 0:00:00]} Bf6 {[%emt 0:00:00]} 24. Rf1 {[%emt 0:00:00]} Re7 {[%emt 0:00:00]} 25. Qd1 {[%emt 0:00:00]} Bg7 {[%emt 0:00:00]} 26. Kh1 {[%emt 0:00:00]} Rae8 {[%emt 0:00:00]} 27. Qa1 {[%emt 0:00:00]} 1-0

[Event "12th Asrian Memorial 2019"]
[Site "Yerevan"]
[Date "2019.06.15"]
[Round "5.10"]
[White "Mnatsakanian, Arsen"]
[Black "Davtyan, Artur"]
[Result "0-1"]
[WhiteElo "2255"]
[BlackElo "2431"]
[Annotator "NA"]
[PlyCount "80"]
[EventDate "2019.06.11"]
[EventType "swiss"]
[EventCountry "ARM"]
[SourceTitle "playchess.com"]
[Source "ChessBase"]
[SourceQuality "1"]
[TimeControl "40/5400+30:1800+30"]

1. e4 {[%emt 0:00:00]} e5 {[%emt 0:00:19]} 2. Nc3 {[%emt 0:05:37]} Nf6 {[%emt 0:03:42]} 3. g3 {[%emt 0:00:59]} Bc5 {[%emt 0:00:30]} 4. Bg2 {[%emt 0:00:07]} Nc6 {[%emt 0:00:32]} 5. d3 {[%emt 0:00:29]} a6 {[%emt 0:00:15]} 6. Nge2 {[%emt 0:00:09]} d6 {[%emt 0:00:11]} 7. O-O {[%emt 0:00:06]} Bd7 {[%emt 0:11:24]} 8. h3 {[%emt 0:02:52]} h6 {[%emt 0:12:44]} 9. Kh2 $11 {[%emt 0:07:59]} h5 {[%emt 0:05:28]} 10. Nd5 {[%emt 0:06:51]} Nxd5 {[%emt 0:15:26]} 11. exd5 {[%emt 0:00:06]} Ne7 {[%emt 0:04:38]} 12. d4 {[%emt 0:02:07]} exd4 {[%emt 0:06:54]} 13. Nxd4 {[%emt 0:10:32]} Ng6 {[%emt 0:00:16]} 14. b4 {[%emt 0:07:24]} Bxb4 {[%emt 0:09:18]} 15. Rb1 {[%emt 0:00:04]} Ba5 {[%emt 0:06:16]} 16. Rxb7 {[%emt 0:03:14]} h4 {[%emt 0:00:13]} 17. Rb3 {[%emt 0:01:49]} O-O {[%emt 0:07:02]} 18. Qh5 {[%emt 0:00:53]} Qf6 {[%emt 0:03:32]} 19. Nf3 {[%emt 0:05:41]} hxg3+ {[%emt 0:07:27]} 20. fxg3 {[%emt 0:00:06]} Ne5 {[%emt 0:00:01]} 21. Bb2 {[%emt 0:21:38]} Qg6 {[%emt 0:00:46]} 22. Qxg6 {[%emt 0:01:08]} Nxg6 {[%emt 0:00:08]} 23. Ng5 {[%emt 0:00:12]} Rae8 {[%emt 0:00:12]} 24. Bf3 {[%emt 0:01:06]} Bb5 {[%emt 0:01:20]} 25. Rf2 {[%emt 0:00:20]} Bb6 {[%emt 0:02:12]} 26. Rg2 {[%emt 0:00:01]} Bf1 {[%emt 0:01:05]} 27. Rg1 {[%emt 0:00:33]} Bxg1+ {[%emt 0:00:55]} 28. Kxg1 {[%emt 0:00:06]} Bb5 {[%emt 0:00:16]} 29. Kf2 {[%emt 0:01:14]} Ne5 {[%emt 0:00:06]} 30. Rb4 {[%emt 0:00:17]} Nxf3 {[%emt 0:00:40]} 31. Kxf3 {[%emt 0:00:05]} Be2+ {[%emt 0:00:07]} 32. Kf2 {[%emt 0:01:07]} Bd1 {[%emt 0:00:16]} 33. g4 {[%emt 0:00:58]} Re2+ {[%emt 0:00:08]} 34. Kg3 {[%emt 0:00:03]} Rxc2 {[%emt 0:00:15]} 35. Bd4 {[%emt 0:00:03]} Re8 {[%emt 0:00:27]} 36. Kh4 {[%emt 0:00:13]} Rd2 {[%emt 0:00:21]} 37. Bc3 {[%emt 0:00:19]} Rxd5 {[%emt 0:00:07]} 38. Rf4 {[%emt 0:00:15]} f6 {[%emt 0:00:06]} 39. Bxf6 {[%emt 0:00:06]} gxf6 {[%emt 0:00:29]} 40. Rxf6 {[%emt 0:00:00]} Kg7 {[%emt 0:00:00]} 0-1